| 000 | 00554nam a22001811a 4500 | ||
|---|---|---|---|
| 005 | 20110718133048.0 | ||
| 008 | 091005s1978 001 0 eng d | ||
| 020 |
_a9966409912 : _c0.00 |
||
| 040 | _aNEGST Library - Kenya | ||
| 050 | 4 | _aBS 325.T63 1978 | |
| 082 | 0 | _aBS 325.T63 1978 | |
| 245 | 0 | 0 | _aKebu go dore go herua : go bagulondena J. |
| 260 |
_bAlliance biblique univer, _cc1978. |
||
| 300 | _a547 p.; | ||
| 500 | _a[Africana] Includes maps. | ||
| 600 | 1 | 0 | _aTobanga language - Bible. |
| 852 | _94.00 | ||
| 999 |
_c39700 _d39700 |
||